Ideología y utopía: introducción a la sociología del conocimiento

Enregistré dans:
Détails bibliographiques
Auteur principal: Mannheim, Karl (autor)
Format: Livre
Langue:espagnol
Publié: Ciudad de México Fondo de Cultura Económica 2004
Édition:1a. ed
Collection:Colección Conmemorativa 70 Aniversario, 5
Sujets:
Tags: Ajouter un tag
Pas de tags, Soyez le premier à ajouter un tag!

MARC

LEADER 00000nam a2200000 a 4500
001 UCK7851
003 CL-VaPUC
008 051230e20040000MX |||||||||||||||||spa|d
020 |a 9681673417 
082 0 4 |a 121  |b MAN  |2 21 
100 |a Mannheim, Karl  |e autor  |9 256899 
245 1 0 |a Ideología y utopía: introducción a la sociología del conocimiento 
250 |a 1a. ed 
300 |a 382 p 
942 |c BK 
945 |d 20051230 00:00:00  |a cmena 
260 |a Ciudad de México  |b Fondo de Cultura Económica  |c 2004 
650 0 |a Teoría del conocimiento   |9 255038 
650 0 |a Ideologías políticas   |9 255735 
650 7 |a FILOSOFIA POLITICA  |2 CL-VaPUC  |9 497519 
650 0 |a Sociología   |9 255410 
650 0 |a Antropología cultural y social   |9 265143 
583 |a last modification  |c 20051230 00:00:00  |k Rodrigo Vera 
490 0 |a Colección Conmemorativa 70 Aniversario, 5 
999 |c 315690  |d 315688 
952 |0 0  |1 0  |4 0  |6 121_000000000000000_MAN_2004  |7 0  |8 A  |9 389294  |a BIBEDU  |b BIBEDU  |c ES_NOD  |d 2019-11-22  |i 4194713  |l 2  |m 3  |o 121 MAN 2004  |p 4194713  |r 2024-05-07  |s 2024-04-17  |w 2019-11-22  |y BK  |k PSI 
952 |0 0  |1 0  |2 ddc  |4 0  |6 121_000000000000000_MAN_2004  |7 0  |8 A  |9 389295  |a BIBGIM  |b BIBGIM  |d 2019-11-22  |i 4204271  |l 9  |m 6  |o 121 MAN 2004  |p 4204271  |r 2025-01-15  |s 2024-11-27  |w 2019-11-22  |y BK  |k SSL